La época contemporánea / (Record no. 189319)

MARC details
000 -LEADER
campo de control de longitud fija 01050nam a2200229 i 4500
001 - NÚMERO DE CONTROL
campo de control 189319
003 - IDENTIFICADOR DE NÚMERO DE CONTROL
campo de control SpMaBN
005 - FECHA Y HORA DE LA ÚLTIMA TRANSACCIÓN
campo de control 20230906223439.0
008 - DATOS DE LONGITUD FIJA--INFORMACIÓN GENERAL
campo de control de longitud fija 190522q1922 fr a |||| | spa d
080 ## - NÚMERO DE LA CLASIFICACIÓN DECIMAL UNIVERSAL
Número de la Clasificación Decimal Universal 94(100)"18/19"(07)
100 1# - ENTRADA PRINCIPAL--NOMBRE DE PERSONA
Nombre de persona Malet, Albert.
9 (RLIN) 75754
245 13 - MENCIÓN DEL TÍTULO
Título La época contemporánea /
Mención de responsabilidad, etc. Alberto Malet, Julio Isaac ; versión castellana por Miguel Ruiz, cuidadosamente corregida.
260 ## - PUBLICACIÓN, DISTRIBUCIÓN, ETC.
Lugar de publicación, distribución, etc. París :
Nombre del editor, distribuidor, etc. Ediciones Españolas Hachette,
Fecha de publicación, distribución, etc. [ca. 1922]
300 ## - DESCRIPCIÓN FÍSICA
Extensión 2 v. (230 p.; 269 p.) :
Otras características físicas il., mapas ;
Dimensiones 19 cm.
490 1# - MENCIÓN DE SERIE
Mención de serie Curso completo de historia para uso de la segunda enseñanza
599 ## - NOTA A LAS ILUSTRACIONES
NOTA A LAS ILUSTRACIONES V. 1: Obra adornada con 50 grabados y 11 mapas - V. 2: Obra adornada con 86 grabados y 24 mapas.
650 #7 - PUNTO DE ACCESO ADICIONAL DE MATERIA--TÉRMINO DE MATERIA
Término de materia o nombre geográfico como elemento de entrada Historia contemporánea-
Subdivisión de forma Libros escolares.
9 (RLIN) 167088
700 1# - ENTRADA AGREGADA--NOMBRE PERSONAL
Nombre de persona Isaac, Jules.
9 (RLIN) 65511
830 0# - PUNTO DE ACCESO ADICIONAL DE SERIE-TÍTULO UNIFORME
Título uniforme Curso completo de historia para uso de la segunda enseñanza
9 (RLIN) 225808
852 ## - LOCALIZACIÓN
Ubicación ES-MaACL
Número de control de estantería L-32333-34
Nota libre - Enc. cart.
-- . - Donat. herederos de la bibl. de Mª del Pilar Costa Palacín
Holdings
Estatus retirado Estado de pérdida Estado de daño No para préstamo Biblioteca de origen Biblioteca actual Ubicación en estantería Fecha de adquisición Fuente de adquisición Total de préstamos Signatura topográfica completa Código de barras Visto por última vez Precio de reemplazo Tipo de ítem Koha
        Biblioteca del Ateneo de Madrid Biblioteca del Ateneo de Madrid Depósito 22/05/2019     L-32333-34 1200585 23/02/2023 23/02/2023 Libro impreso